| 000 | 01455nam a22002417a 4500 | ||
|---|---|---|---|
| 999 |
_c58559 _d58559 |
||
| 003 | Ge_BSU | ||
| 005 | 20220602135342.0 | ||
| 008 | 220602s2018 ge ||||| |||| 00| 0 geo d | ||
| 020 | _a9789941183102 | ||
| 041 | _ageo | ||
| 080 | _a141ლიბერალიზმი რ-78 | ||
| 100 |
_aროლზი, ჯონ _913957 |
||
| 245 |
_aპოლიტიკური ლიბერალიზმი / _cჯონ როლზი ; ინგლისურიდან თარგმნა ზურაბ ჭიაბერაშვილმა ; სამეცნიერო რედაქტორი ზეინაბ სარაძე. |
||
| 264 |
_aთბილისი : _bილიას სახელმწ. უნ-ტის გამ-ბა, _c2018. |
||
| 300 |
_a596 გვ. ; _b20 სმ. |
||
| 501 | _aსახელთა საძიებელი: გვ. 580-595. | ||
| 504 | _aბიბლიოგრაფია ტექსტის შენიშვნებში. | ||
| 653 | _aლიბერალიზმი. | ||
| 700 |
_aჭიაბერაშვილი, ზურაბ _eმთარგმნელი _9958 |
||
| 700 |
_aსარაძე, ზეინაბ _eსამეცნ. რედაქტორი _913958 |
||
| 700 |
_aცოფურაშვილი, თამარ _eსერიის რედაქტორი, გამომცემელი _911793 |
||
| 942 |
_2udc _cBK |
||